Edipo Rey

Guardat en:
Dades bibliogràfiques
Autor principal: Sófocles (autor)
Format: Llibre
Idioma:espanyol
Publicat: Santiago Universitaria 2000
Edició:27a. ed
Col·lecció:Los Clásicos
Matèries:
Etiquetes: Afegir etiqueta
Sense etiquetes, Sigues el primer a etiquetar aquest registre!

MARC

LEADER 00000cam a2200000 a 4500
001 UCD3021
003 CL-VaPUC
008 160520e20000000cl |||||||||||||||||spa|d
020 |a 9561113589 
082 0 4 |a 882  |b SOF  |2 21 
100 |a Sófocles  |e autor  |9 269407 
245 1 0 |a Edipo Rey 
250 |a 27a. ed 
300 |a 108 p 
942 |c BK 
945 |d 20160520 11:34:00  |a arojas 
260 |a Santiago  |b Universitaria  |c 2000 
650 0 |a Tragedia griega  |9 265362 
650 7 |a DRAMAS GRIEGOS  |2 CL-VaPUC  |9 586417 
650 7 |a LITERATURA GRIEGA  |2 CL-VaPUC  |9 258054 
650 7 |a TEATRO GRIEGO  |2 CL-VaPUC  |9 586418 
583 |a last modification  |c 20160520 11:34:00  |k Rodrigo Vera 
490 0 |a Los Clásicos 
999 |c 364130  |d 364128 
952 |0 0  |1 0  |3 erb  |4 0  |6 882_000000000000000_SOF_2000  |7 0  |8 A  |9 477057  |a BIBTEO  |b BIBTEO  |e Villagrán Garnham, Jorge  |i 530184K  |o 882 SOF 2000  |p 530184K  |r 2025-01-17  |w 2019-11-24  |y BK  |z Catalogado en:20160520  |k ICR